| 000 | 00540nam a22002052 4500 | ||
|---|---|---|---|
| 999 |
_c1587 _d1587 |
||
| 001 | 0000021001 | ||
| 003 | OSt | ||
| 005 | 20170526110242.0 | ||
| 008 | 120106s xx 000 0 eng d | ||
| 040 |
_aKABU _cKABU |
||
| 100 | 1 | _aWesonga, Moses J. W. | |
| 245 | 1 | 0 |
_aEconomics : _ba basic text / _cMoses J. W. Wesonga. |
| 250 | _a1st ed. | ||
| 260 |
_aNairobi : _bK. L. B., _c1989. |
||
| 300 | _axiv, 306 p. | ||
| 650 | 0 | _aEconomics. | |
| 908 | _a120106 | ||
| 942 |
_2lcc _cBK |
||